Cesty k súčasnému vedecko-technickému rozvoju Slovenska
Na minha lista:
| Formato: | Livro |
|---|---|
| Idioma: | eslovaco |
| Publicado em: |
Bratislava
Veda
1984
|
| Colecção: | Z dejín vied a techniky na Slovensku
|
| Tags: |
Sem tags, seja o primeiro a adicionar uma tag!
|
MARC
| LEADER | 00000nam a2200000 4500 | ||
|---|---|---|---|
| 001 | c107668 | ||
| 005 | 20041019155139.5 | ||
| 041 | 0 | |a slo | |
| 044 | |a SK | ||
| 245 | 1 | 0 | |a Cesty k súčasnému vedecko-technickému rozvoju Slovenska |
| 264 | 1 | |a Bratislava |b Veda |c 1984 | |
| 300 | |a 130 s. | ||
| 490 | 1 | |a Z dejín vied a techniky na Slovensku | |
| 830 | 0 | |a Z dejín vied a techniky na Slovensku | |